000 00823cam a2200253 a 4500
001 2543479
005 20180214045018.0
008 941018s1995 nyua j b 001 0 eng
010 _a 94040191
020 _a0195080157 (alk. paper)
040 _aDLC
_cDLC
_dDLC
041 _aeng
042 _alcac
043 _an-us---
080 _a305.40973 jan
082 0 0 _a305.40973 jan
_a305.4/0973/09032
_220
100 1 _a16
101 _ahis
245 1 4 _aThe colonial mosaic :
_cJane Kamensky.
504 _aIncludes bibliographical references (p. 152-154) and index.
906 _a7
_bcbc
_corignew
_d1
_eocip
_f19
_gy-gencatlg
942 _2ddc
_cBK
999 _c42478
_d42478